From common fish to rights based fishing. Fisheries management and the evolution of exclusive rights to fish.

Zmeny v medzinárodnom Zákone o mori od 2. svetovej vojny a ich nutnosť pre účinné využívanie a kontrolu rybných zdrojov. Riadenie rybolovu prostredníctvom celkových prípustných odchytov. Návrh štyroch metód kontroly rybolovu: 1. privatizácia rybných zdrojov, 2. dane z rybolovu, 3. rybárske licencie,...

Descrizione completa

Salvato in:
Dettagli Bibliografici
Autore principale: Hannesson, R.
Natura: Capitolo di libro
Lingua:inglese
Soggetti:
Tags: Aggiungi Tag
Nessun Tag, puoi essere il primo ad aggiungerne!!

MARC

LEADER 00000naa a2200000 4500
001 r004762
005 20221130103116.5
041 0 |a eng 
044 |a NL 
245 1 0 |a From common fish to rights based fishing.  |b Fisheries management and the evolution of exclusive rights to fish.  |c R. Hannesson 
520 |a Zmeny v medzinárodnom Zákone o mori od 2. svetovej vojny a ich nutnosť pre účinné využívanie a kontrolu rybných zdrojov. Riadenie rybolovu prostredníctvom celkových prípustných odchytov. Návrh štyroch metód kontroly rybolovu: 1. privatizácia rybných zdrojov, 2. dane z rybolovu, 3. rybárske licencie, 4. individuálne transferibilné kvóty. Aspekty systému individuálnych transferibilných kvót. 
610 2 0 |a právo medzinárodné 
610 2 0 |a rybolov 
610 2 0 |a privatizácia 
610 2 0 |a more 
610 2 0 |a práva majetkové 
610 2 0 |a dane 
100 1 |a Hannesson, R.